000 00344nam a2200133Ia 4500
008 240624s9999 xx 000 0 und d
041 _aeng
082 _a332.642 WOJ
100 _aWOJCIK DARIUSZ
245 _aGLOBAL STOCK MARKET ISSUERS INVESTORS AN
260 _c2011
_aUSA
_bOxford University Press
300 _a224 : p.
365 _cGBP
_b29
999 _c19825
_d19825